| 000 | 00524nam a2200193 a 4500 | ||
|---|---|---|---|
| 005 | 20220603063554.0 | ||
| 008 | 991125s1982 mx 000 0 spa u | ||
| 020 | _a9684163657 | ||
| 035 | _aUPN01000028683 | ||
| 049 | _aI | ||
| 050 | 4 |
_aPZ8 _bA9.3 |
|
| 100 | 1 |
_aAymé, Marcel, _d1902-1967 _931575 |
|
| 245 | 1 | 3 |
_aEl hombre que atravesaba las paredes / _cMarcel Aymé. |
| 260 |
_aMéxico : _bFernández, _c1982. |
||
| 300 |
_a[14] p. : _bil. |
||
| 440 | 0 | _aFénix | |
| 650 | 4 |
_aCuentos infantiles _96744 |
|
| 905 | _aInfantil | ||
| 999 |
_c28683 _d28683 |
||